000 00602nam a2200205 a 4500
005 20231017063814.0
008 991125s1987 mx 000 0 eng u
020 _a9686135537
035 _aUPN01000057583
049 _aLT
050 4 _aLB1631 M6
_bI3.7
100 1 _aIantorno, Giuliano
245 1 0 _aTurring points 4:
_bcommunicating in English /
_cGiuliano Iantorno, Mario Papa
260 _aMéxico :
_bSITESA,
_c1987
300 _a124 p. :
_bil., col.
650 4 _aInglés
_xEstudio y enseñanza (Secundaria)
_95708
700 2 _aPapa, Mario,
_ecoaut.
904 _aAC
_b057586
905 _aLibro
999 _c57583
_d57583